| 000 | 00622nam a22001815i 4500 | ||
|---|---|---|---|
| 001 | 54589 | ||
| 003 | ES-MaACL | ||
| 005 | 20230906162959.0 | ||
| 007 | t| | ||
| 008 | 960723s1884 xxk ||||1| eng d | ||
| 040 |
_aCAM _bspa _cCAM |
||
| 100 | 1 |
_aFriedmann, Paul. _952642 |
|
| 245 | 1 | 0 |
_aAnne Boleyn _b: a chapter of English history, 1527-1536 / _cby Paul Friedmann. |
| 260 |
_aLondon : _bMacmillan and co., _c1884 ( _fR. Clay, sons and Taylor) |
||
| 300 |
_a2 v. (LXXXIV, 308; XVI, 383 p.) ; _c23 cm. |
||
| 600 | 0 | 4 |
_aAna Bolena _cReina consorte de Enrique VIII, Rey de Inglaterra. _921358 |
| 852 |
_aES-MaACL _jG-11745-6 |
||
| 999 |
_c54589 _d54589 |
||